Wo befindet sich die Stadt? (Teil1) - Statistiken

Allgemein
  • Dieses Quiz wurde 261 mal gespielt
    168 seit der letzten Aktualisierung
  • Das Durchschnittsergebnis liegt bei 7 aus 10
Antwortstatistiken
Frage Antwort % Korrekt
Wo befindet sich Turku? Finnland
86%
Wo befindet sich Nuuk? Grönland,DK
86%
Wo befindet sich Odessa? Ukraine
86%
Wo befindet sich Wuhan? China
79%
Wo befindet sich Suva? Fidschi
79%
Wo befindet sich Thimphu? Bhutan
71%
Wo befindet sich London? (Fun Fact) Kanada
64%
Wo befindet sich Alice Springs? Australien
57%
Wo befindet sich Bischkek? Kirgistan
43%
Wo befindet sich Leiden? Niederlande
36%
Keine übereinstimmenden Quizze gefunden
Verteilung der Resultate
Anzahl Personen mit jedem Resultat
Perzentil nach korrekt beantworteten Fragen
Ihre Resultats-Entwicklung
Sie haben dieses Quiz seit der letzten Aktualisierung nicht gespielt